000 00505nam a2200181Ia 4500
003 GCL
008 140319s9999 xx 000 0 ara d
040 _aGCL /
_cGCL
082 0 4 _a913.031
_bك م
100 1 _aعديلة حسن (مترجم)
245 1 0 _aمدن دارسة /
_cعديلة حسن (مترجم)
700 1 _aكوتريل, ليونارد
300 _a230 ص
490 _aالالف كتاب
_v0
650 0 4 _aالاثار
650 0 4 _aالاثار المندثرة
942 _2ddc
_cBK
999 _c46267
_d46267